000 00282nam a22001337a 4500
008 181023b xxu||||| |||| 00| 0 eng d
020 _a9780312445805
041 _aeng
080 _a070
100 _a40
101 _aMED
245 _aSpeak Up!
_cFraleigh, D.M
942 _2udc
_cBK
999 _c50719
_d50719